logo

Bir Sreshtho Munshi Abdur Rouf Library
Jhenaidah Cadet College

Our World Today : (Record no. 9568)

MARC details
000 -LEADER
fixed length control field 00594nam a22002297a 4500
001 - CONTROL NUMBER
JCCL Control Number 9568
003 - CONTROL NUMBER IDENTIFIER
JCCL marc code BD-JhCC
005 - DATE AND TIME OF LATEST TRANSACTION
control field 20180319180508.0
008 - FIXED-LENGTH DATA ELEMENTS--GENERAL INFORMATION
fixed length control field 180319b xxu||||| |||| 00| 0 eng d
035 ## - SYSTEM CONTROL NUMBER
system control number (BD-JhCC)9568
040 ## - CATALOGING SOURCE
Original cataloging agency BD-JhCC
Modifying agency BD-JhCC
041 ## - LANGUAGE CODE
Language code of Book eng
082 ## - DEWEY DECIMAL CLASSIFICATION NUMBER
Author mark and Year GUT 1981
Classification number 909.82
100 ## - MAIN ENTRY--PERSONAL NAME
Personal name Guth Hans P.
245 ## - TITLE STATEMENT
Title Our World Today :
Remainder of title Living Literature /
Statement of responsibility, etc Hans P. Guth
260 ## - PUBLICATION, DISTRIBUTION, ETC. (IMPRINT)
Place of publication, distribution, etc Toronto :
Name of publisher, distributor, etc D. C. Health and Company,
Date of publication, distribution, etc 1981.
300 ## - PHYSICAL DESCRIPTION
Pagination 626 p. :
Other physical details ills;
Dimensions 24 cm.
650 ## - SUBJECT ADDED ENTRY--TOPICAL TERM
Topical term or geographic name as entry element Civilization
651 ## - SUBJECT ADDED ENTRY--GEOGRAPHIC NAME
Geographic name History, Modern
942 ## - ADDED ENTRY ELEMENTS (KOHA)
Source of classification or shelving scheme Dewey Decimal Classification
Koha item type Books
Holdings
Source of classification or shelving scheme Damaged status Not for loan Home library Current library Shelving location Date of accession Full call number Barcode Date last seen Copy number Method of acquisition Koha item type Total Checkouts
Dewey Decimal Classification     JCC Rouf Library JCC Rouf Library General Stacks 10/29/2023 909.82 GUT 1981 10709 03/19/2018 C - 1 Purchase Books  
Dewey Decimal Classification     JCC Rouf Library JCC Rouf Library General Stacks   909.82 GUT 1981 11909 03/19/2018 C - 2   Books  

JCC Library | Contacts | JCC Home

Last Update on 23 September 2017
Copyright @ 2017-2020 JCC Rouf Library
Rouf Library, Jhenidah Cadet College (JCC), Bangladesh